Works of fiction within other works of fiction - Statistics

General Stats
  • This quiz has been taken 18 times
  • The average score is 10 of 26
Answer Stats
Hint Answer % Correct
Fantastic Beasts and Where to Find Them Harry Potter
79%
Itchy & Scratchy The Simpsons
79%
Jerry Seinfeld
64%
Tool Time Home Improvement
57%
Pawnee Today Parks and Recreation
57%
Terrence and Phillip South Park
57%
Radioactive Man The Simpsons
57%
Handbook for the Recently Deceased Beetlejuice
50%
The Lineages and Histories of the Great Houses of the Seven Kingdoms Game of Thrones
50%
All My Circuits Futurama
43%
Angels With Filthy Souls Home Alone
43%
Pigs In Space The Muppet Show
43%
Mcbain The Simpsons
43%
MILF Island 30 Rock
36%
Inspector Spacetime Community
36%
Chimpokomon South Park
36%
The Girly Show 30 Rock
29%
Wake Up, San Francisco Full House
29%
Goodwill Hunting 2: Hunting Season Jay and Silent Bob Strike Back
29%
Stab Scream 2
29%
Viking Quest Entourage
21%
Albi the Racist Dragon Flight of the Conchords
21%
The Scary Door Futurama
21%
Gumble to Gumble 2: Beach Justice Family Guy
14%
The Murder of Gonzago Hamlet
14%
Handi Quacks Family Guy
7%
No matching quizzes found
Score Distribution
Percent of People with Each Score
Percentile by Number Answered
Your Score History
You have not taken this quiz